00473nam a22001337a 4500082001400000100002300014245006900037260004400106300000800150650003300158942000900191952012200200999001700322 a297.7 JAM aJamir, Imnanunsang aA Critical Study on Role of Madrasa Education in Nation Building aHyderabadbHenry Martyn Institutec2018 a109 aIslam-Education and Training cTHES 00104070aHMIbHMIcGENd2018-07-18l2m1o297.7 JAMp11-3680q2026-03-10r2026-02-10s2026-02-10w2018-07-18yTHES c21213d21213